000
00246nam a22001097a 4500
999
_c
169506
_d
169506
082
_a
_b
245
_a
The years work in english studies/
_c
by Break Laurel (ed.).
260
_a
_b
Oxford,
_c
1990.
300
_a
931p.
650
_a
942
_c
BK